[Event "ICS Rated blitz match"]
[Site "204.178.125.65"]
[Date "2000.08.31"]
[Round "?"]
[White "Hossa"]
[Black "mid"]
[Result "1/2-1/2"]
[WhiteElo "2540"]
[BlackElo "2327"]
[PlyCount "145"]
[EventDate "2000.??.??"]

1. e4 c6 2. d4 d5 3. Nc3 dxe4 4. Nxe4 Nd7 5. Ng5 Ngf6 6. Bd3 e6 7. N1f3 Bd6 8.
Qe2 h6 9. Ne4 Nxe4 10. Qxe4 Nf6 11. Qe2 c5 12. dxc5 Bxc5 13. O-O O-O 14. Be3
Bxe3 15. Qxe3 Bd7 16. Ne5 Qc7 17. Rfe1 Bc6 18. Nxc6 Qxc6 19. Qe5 Rac8 20. Red1
Rfd8 21. Qa5 b6 22. Qxa7 Ra8 23. Qe7 Rd7 24. Qb4 Rad8 25. Rd2 g6 26. Qf4 Kg7
27. Rad1 Rd4 28. Qe5 R4d5 29. Qe2 Qd6 30. c3 e5 31. f3 Nh5 32. g3 f5 33. c4 Rd4
34. Qf2 e4 35. fxe4 fxe4 36. Rf1 Rxd3 37. Qf7+ Kh8 38. Re2 e3 39. Qf3 Ng7 40.
g4 Rd2 41. Qxe3 Qd4 42. Qxd4 R8xd4 43. Rxd2 Rxd2 44. b3 Rxa2 45. Rf6 Kh7 46.
Rxb6 h5 47. h3 Kh6 48. b4 Kg5 49. h4+ Kxh4 50. Rxg6 hxg4 51. Rxg7 Kg3 52. Kf1
Rc2 53. c5 Rb2 54. c6 Rxb4 55. c7 Rc4 56. Ke2 Kf4 57. Kd3 Rc1 58. Kd2 Rc6 59.
Rf7+ Kg5 60. Ke2 Kh4 61. Rg7 Kh3 62. Kf2 Rc2+ 63. Ke3 g3 64. Kd4 Kh2 65. Rh7+
Kg1 66. Ke3 g2 67. Kd3 Rc6 68. Ke2 Rc2+ 69. Kd3 Rc6 70. Ke2 Rc3 71. Kd2 Rc6 72.
Ke2 Rc2+ 73. Kd3 1/2-1/2

[Event "ICS rated blitz match"]
[Site "204.178.125.65"]
[Date "2000.08.31"]
[Round "?"]
[White "PostModernist"]
[Black "Hossa"]
[Result "1-0"]
[WhiteElo "2643"]
[BlackElo "2531"]
[PlyCount "177"]
[EventDate "2000.??.??"]

1. e4 g6 2. d4 Bg7 3. Nc3 d6 4. f4 Nc6 5. Bb5 a6 6. Bxc6+ bxc6 7. Nf3 a5 8. Be3
Nf6 9. Qe2 O-O 10. O-O-O d5 11. e5 Ng4 12. Bd2 Ba6 13. Qe1 Nh6 14. f5 Rb8 15.
fxg6 fxg6 16. Na4 Qc8 17. Bxa5 Qb7 18. Ng5 Ng4 19. Ne6 Nf2 20. Nxf8 Rxf8 21.
Nc5 Qc8 22. Qd2 Nxh1 23. Rxh1 Bf1 24. e6 Qa8 25. Nd7 Rf5 26. g4 Rf3 27. Kb1
Bxd4 28. Bxc7 Bc4 29. b3 Bc3 30. Qc1 Bb5 31. Be5 Bxe5 32. Nxe5 Rf6 33. a4 Ba6
34. Qh6 Rxe6 35. Nd7 Be2 36. Nc5 Rf6 37. h3 Qa7 38. Qe3 Bf1 39. g5 Rf7 40. b4
Qc7 41. a5 e5 42. a6 e4 43. Qa3 Bg2 44. Rd1 Qb8 45. h4 e3 46. Qxe3 Qxb4+ 47.
Kc1 Qb8 48. Re1 Qb4 49. a7 Qa5 50. Nb7 Qa4 51. Qe8+ Rf8 52. Qe6+ Kg7 53. Qe3
Rf3 54. Qe5+ Kg8 55. Qe6+ Kg7 56. Qd7+ Rf7 57. Qxf7+ Kxf7 58. Nd6+ Kg7 59. Re7+
Kg8 60. Re8+ Kg7 61. a8=R Qxa8 62. Rxa8 h5 63. Ra7+ Kg8 64. Nc8 Be4 65. Ne7+
Kf7 66. Nxc6+ Ke6 67. Ne7 d4 68. Kd2 Ke5 69. Ra6 Kf4 70. Rxg6 Bxg6 71. Nxg6+
Ke4 72. Ne7 Ke5 73. Kd3 Ke6 74. Nc6 Kd6 75. Nxd4 Ke7 76. Nf5+ Kf7 77. Ke4 Kg6
78. Ng3 Kf7 79. Ke5 Ke7 80. Nf5+ Kf7 81. Kd6 Kf8 82. g6 Ke8 83. Kc7 Kf8 84. c4
Ke8 85. c5 Kf8 86. Kd6 Kg8 87. c6 Kf8 88. c7 Kg8 89. c8=Q# {Hossa checkmated}
1-0

[Event "ICS rated blitz match"]
[Site "204.178.125.65"]
[Date "2000.08.31"]
[Round "?"]
[White "Hossa"]
[Black "Dorky"]
[Result "0-1"]
[WhiteElo "2520"]
[BlackElo "2442"]
[PlyCount "188"]
[EventDate "2000.??.??"]

1. e4 d6 2. d4 g6 3. Nc3 Bg7 4. Nf3 Nf6 5. Bd3 O-O 6. O-O Nbd7 7. a3 e5 8. dxe5
Nxe5 9. Nxe5 dxe5 10. Bg5 c6 11. Qd2 Qc7 12. Bh6 Bxh6 13. Qxh6 Be6 14. Be2 Rfd8
15. Rfd1 Rd4 16. Bf3 Rad8 17. h3 Nd7 18. Ne2 Rxd1+ 19. Rxd1 Nb6 20. Nc3 Nc4 21.
Rb1 Rd2 22. Be2 Rxc2 23. Bxc4 Bxc4 24. Nd1 Bd3 25. Ne3 Re2 26. Rd1 Qd8 27. b4
a5 28. bxa5 c5 29. a4 c4 30. a6 bxa6 31. h4 Qd4 32. h5 Qxe4 33. hxg6 hxg6 34.
Rc1 Ra2 35. f3 Qd4 36. Kh2 e4 37. fxe4 Qe5+ 38. Kg1 Qb2 39. Rd1 Qd4 40. Re1
Bxe4 41. Kh1 c3 42. Qf4 Rd2 43. Rf1 Bd5 44. Qb8+ Kg7 45. Qg3 Be6 46. Rc1 Rd3
47. Re1 Bd7 48. a5 Qc5 49. Qf2 Qxa5 50. Rf1 Be6 51. Qf6+ Kg8 52. Qf4 Qc5 53.
Qb8+ Qf8 54. Qf4 Rd2 55. Qe5 c2 56. Kg1 Qb4 57. Qc7 Qb1 58. Kh2 Qb5 59. Re1 Qd7
60. Qc3 Qd6+ 61. Kh1 Rd1 62. Nxc2 Rxe1+ 63. Nxe1 Qf4 64. Nf3 Bg4 65. Kg1 a5 66.
Ne5 a4 67. g3 Qe4 68. Nxg4 Qxg4 69. Qd3 Qg5 70. Kg2 Qe7 71. Qd4 a3 72. Kf1 Qc7
73. Kf2 a2 74. Kg2 Qa5 75. Qa1 g5 76. g4 Qd2+ 77. Kf3 Qf4+ 78. Kg2 Qxg4+ 79.
Kh2 Qe2+ 80. Kh3 f5 81. Qf6 Qf3+ 82. Kh2 Qf2+ 83. Kh1 Qe1+ 84. Kg2 a1=Q 85.
Qd8+ Kh7 86. Qc7+ Qg7 87. Qh2+ Qh4 88. Qxh4+ gxh4+ 89. Kf3 Qg3+ 90. Ke2 h3 91.
Kd2 h2 92. Kc2 h1=Q 93. Kb2 Qhg2+ 94. Kc1 Qe1# 0-1

[Event "ICS rated standard match"]
[Site "204.178.125.65"]
[Date "2000.08.31"]
[Round "?"]
[White "Hossa"]
[Black "stevesand"]
[Result "0-1"]
[WhiteElo "2338"]
[BlackElo "2002"]
[PlyCount "172"]
[EventDate "2000.??.??"]

1. e4 c6 2. d4 d5 3. e5 Bf5 4. Nc3 e6 5. g4 Bg6 6. Nge2 Ne7 7. Nf4 Nd7 8. h4 h6
9. Nxg6 Nxg6 10. h5 Ne7 11. Bf4 c5 12. Nb5 Nc6 13. dxc5 Bxc5 14. Qe2 a6 15.
Nd6+ Bxd6 16. exd6 Qf6 17. Bc1 O-O-O 18. c3 Nde5 19. f4 Nc4 20. g5 Qf5 21. Bh3
Qe4 22. Qxe4 dxe4 23. Rg1 Nxd6 24. gxh6 gxh6 25. b3 Rhg8 26. Be3 Nf5 27. Rxg8
Rxg8 28. Bxf5 exf5 29. Kf2 Kd7 30. Rd1+ Ke6 31. Bc5 Rd8 32. Rxd8 Nxd8 33. Bf8
f6 34. Kg3 Kf7 35. Bc5 Ne6 36. Bb6 Ke8 37. a3 Kd7 38. c4 Kc6 39. Be3 b5 40. Kh3
bxc4 41. bxc4 Kd6 42. Kg3 Kc6 43. Kh3 a5 44. Kh4 a4 45. Kg3 Kd6 46. Kf2 Ng7 47.
Ke1 Nxh5 48. Kd2 Ng7 49. Kc3 h5 50. Bf2 Ne6 51. Kb4 Nxf4 52. Bg3 Ke5 53. c5 e3
54. c6 h4 55. c7 hxg3 56. c8=Q g2 57. Qc7+ Ke4 58. Qc6+ Nd5+ 59. Kc4 g1=Q 60.
Qxd5+ Kf4 61. Qd6+ Kf3 62. Qd5+ Kf4 63. Qd6+ Kg5 64. Qf8 Qc1+ 65. Kb5 Qf1+ 66.
Ka5 e2 67. Qg7+ Kf4 68. Qc7+ Kf3 69. Qb7+ Kf2 70. Qa7+ Kg2 71. Qg7+ Kh1 72.
Qh7+ Kg1 73. Qg7+ Qg2 74. Qa7+ Qf2 75. Qg7+ Kf1 76. Kb5 e1=Q 77. Qc7 Qe5+ 78.
Qxe5 fxe5 79. Kc6 Qd4 80. Kc7 Qd5 81. Kb6 e4 82. Kc7 e3 83. Kb6 e2 84. Kc7 e1=Q
85. Kc8 Qe7 86. Kb8 Qdb7# {Hossa checkmated} 0-1

[Event "ICS rated blitz match"]
[Site "204.178.125.65"]
[Date "2000.08.31"]
[Round "?"]
[White "MissSilicon"]
[Black "Hossa"]
[Result "1-0"]
[WhiteElo "2698"]
[BlackElo "2500"]
[PlyCount "153"]
[EventDate "2000.??.??"]

1. d4 d5 2. c4 e6 3. Nc3 Nf6 4. Bg5 Be7 5. e3 O-O 6. Nf3 Nbd7 7. cxd5 exd5 8.
Qc2 c6 9. Bd3 Kh8 10. O-O Re8 11. Bf4 Nf8 12. Ne5 Kg8 13. h3 Bd6 14. Rfc1 Ne6
15. Bg3 Nc5 16. dxc5 Bxe5 17. Bxe5 Rxe5 18. a3 Be6 19. Qa4 Rg5 20. f4 Rh5 21.
Ne2 Qe7 22. Ng3 Rh4 23. Qd4 Qd7 24. Rc2 Re8 25. b4 Re7 26. Rd1 Qc7 27. Qc3 Re8
28. Rdc1 Qd7 29. Rd2 Nh5 30. Nxh5 Rxh5 31. e4 Bxh3 32. exd5 cxd5 33. gxh3 Qxh3
34. Bxh7+ Kxh7 35. Qxh3 Rxh3 36. Rxd5 Rxa3 37. Rd7 Re4 38. Rxb7 Rxf4 39. c6
Rg3+ 40. Kh2 Rg5 41. Rc3 Rf2+ 42. Kh1 Rf6 43. Rh3+ Kg6 44. c7 Rf1+ 45. Kh2 Rf2+
46. Kh1 Rc2 47. Rxa7 f6 48. Rb3 f5 49. b5 Rg4 50. b6 Rh4+ 51. Kg1 Rg4+ 52. Kf1
Rh4 53. Rg3+ Kh6 54. b7 Rh1+ 55. Rg1 Rc1+ 56. Ke2 Rhxg1 57. b8=Q Rge1+ 58. Kf2
Rf1+ 59. Kg3 Rg1+ 60. Kf4 Rgf1+ 61. Ke5 Rfe1+ 62. Kd6 Rcd1+ 63. Kc6 Rc1+ 64.
Kb7 Rb1+ 65. Ka8 Rbc1 66. c8=Q Rxc8 67. Qxc8 Rd1 68. Qh8+ Kg5 69. Rxg7+ Kf4 70.
Qh2+ Kf3 71. Qg3+ Ke4 72. Re7+ Kd4 73. Qe5+ Kd3 74. Rd7+ Kc4 75. Rc7+ Kd3 76.
Rc3+ Kd2 77. Qe3# {Hossa checkmated} 1-0

[Event "ICS rated standard match"]
[Site "204.178.125.65"]
[Date "2000.08.31"]
[Round "?"]
[White "BrazilianMaster"]
[Black "Hossa"]
[Result "1-0"]
[WhiteElo "2526"]
[BlackElo "2315"]
[PlyCount "121"]
[EventDate "2000.??.??"]

1. c4 e5 2. Nc3 Nf6 3. Nf3 Nc6 4. e3 Bb4 5. Qc2 O-O 6. Nd5 Re8 7. Bd3 g6 8.
Nxf6+ Qxf6 9. a3 Bf8 10. Be4 d6 11. b4 Bg7 12. Bb2 Qe7 13. d3 Nd8 14. Nd2 f5
15. Bf3 Be6 16. h4 Bh8 17. O-O-O a5 18. b5 Bf6 19. h5 g5 20. Qa4 g4 21. Be2 Nf7
22. Nb3 Bg5 23. Kb1 g3 24. fxg3 Bxe3 25. Bf3 Ra7 26. Rhf1 Ng5 27. Rde1 Nxf3 28.
gxf3 Bb6 29. f4 Qg7 30. fxe5 Qxg3 31. Rd1 Qg4 32. d4 Qe4+ 33. Ka1 Qh4 34. Rh1
Qe4 35. Rde1 Qf4 36. Rhf1 Qh4 37. exd6 cxd6 38. d5 Bd7 39. Rxe8+ Bxe8 40. Rxf5
Bxh5 41. Ka2 Bg6 42. Rf1 Bd3 43. Rc1 Qf4 44. Rc3 Be4 45. Bc1 Qf2+ 46. Bb2 Qe1
47. Rc1 Qe2 48. c5 dxc5 49. Nxc5 Bxd5+ 50. Ka1 Bxc5 51. Qf4 Qe7 52. Qg4+ Kf8
53. Qc8+ Qe8 54. Qxc5+ Qe7 55. Qxd5 Ra8 56. Rg1 Qf7 57. Qd6+ Ke8 58. Re1+ Qe6
59. Qxe6+ Kd8 60. Rd1+ Kc7 61. Be5# {Hossa checkmated} 1-0

[Event "ICS rated blitz match"]
[Site "204.178.125.65"]
[Date "2000.08.31"]
[Round "?"]
[White "Hossa"]
[Black "MissSilicon"]
[Result "0-1"]
[WhiteElo "2492"]
[BlackElo "2707"]
[PlyCount "130"]
[EventDate "2000.??.??"]

1. e4 c5 2. Nf3 Nc6 3. d4 cxd4 4. Nxd4 Nf6 5. Nc3 d6 6. Bg5 e6 7. Qd2 a6 8.
O-O-O Bd7 9. f4 Be7 10. Nf3 b5 11. e5 b4 12. exf6 gxf6 13. Nd5 fxg5 14. Nxe7
Qxe7 15. Nxg5 f6 16. Nf3 d5 17. f5 O-O 18. Re1 a5 19. fxe6 Bxe6 20. Bb5 Nd8 21.
Nd4 Qb7 22. Bc6 Nxc6 23. Nxe6 Rf7 24. Qxd5 Qd7 25. Qf3 Rc8 26. Qg4+ Kh8 27. Rd1
Qe7 28. Rhe1 Ne5 29. Qh3 Re8 30. Nf4 Rg7 31. Kb1 Qf7 32. Qh4 Rgg8 33. Rf1 Rc8
34. Rd4 Rgd8 35. Ne2 Rxd4 36. Nxd4 Rd8 37. Nb3 Nc4 38. Qf4 f5 39. g4 a4 40. Qg5
Rd5 41. Rxf5 axb3 42. cxb3 Qg6 43. Qf4 Nd6 44. Qxb4 Nxf5 45. Qf8+ Qg8 46. Qxg8+
Kxg8 47. gxf5 Rxf5 48. b4 Rb5 49. a3 Kf7 50. h4 Rh5 51. b3 Rxh4 52. b5 h5 53.
b6 Re4 54. Kc2 h4 55. b7 Re8 56. a4 h3 57. a5 h2 58. a6 h1=Q 59. b8=R Re2+ 60.
Kc3 Qc6+ 61. Kd4 Qd6+ 62. Kc3 Qc5+ 63. Kd3 Re3+ 64. Kd2 Qc3+ 65. Kd1 Re1# {
Hossa checkmated} 0-1

[Event "ICS rated blitz match"]
[Site "204.178.125.65"]
[Date "2000.08.31"]
[Round "?"]
[White "MissSilicon"]
[Black "Hossa"]
[Result "1-0"]
[WhiteElo "2714"]
[BlackElo "2485"]
[PlyCount "103"]
[EventDate "2000.??.??"]

1. Nf3 Nf6 2. c4 g6 3. d4 Bg7 4. Nc3 O-O 5. e4 c6 6. e5 Ne8 7. Bd3 d5 8. cxd5
cxd5 9. Qb3 Nc7 10. Bf4 b6 11. Rc1 Bg4 12. O-O Nc6 13. Ne2 Na5 14. Qa4 Rc8 15.
Rc2 Bd7 16. Qa3 Nc6 17. Rfc1 Qe8 18. b4 a6 19. Nd2 Nb5 20. Qb2 Bg4 21. Be3 Bd7
22. a4 Nba7 23. Bxa6 Ra8 24. Bb7 Rb8 25. Bxc6 Bxc6 26. b5 Bb7 27. Rc7 Qd8 28.
Nf3 h6 29. e6 fxe6 30. Nf4 Rf6 31. Ne5 Qe8 32. Nd7 Kf7 33. Qb4 Rc8 34. Nxf6
Bxf6 35. Qb1 Qg8 36. Rxb7 Ra8 37. Rxb6 Nc8 38. Rxe6 Nd6 39. Rxd6 exd6 40. Rc7+
Ke8 41. Qc2 Be7 42. Qc6+ Kf7 43. Qxd5+ Kf6 44. Nh5+ gxh5 45. Qf3+ Kg6 46. Qe4+
Kf6 47. Qxe7+ Kf5 48. Qxd6 Qxg2+ 49. Kxg2 Rg8+ 50. Kf3 Rg3+ 51. hxg3 h4 52. g4#
{Hossa checkmated} 1-0

[Event "ICS rated blitz match"]
[Site "204.178.125.65"]
[Date "2000.08.31"]
[Round "?"]
[White "Hossa"]
[Black "harimau"]
[Result "0-1"]
[WhiteElo "2478"]
[BlackElo "2815"]
[PlyCount "92"]
[EventDate "2000.??.??"]

1. e4 e5 2. Nf3 Nc6 3. Nc3 Nf6 4. Nxe5 Nxe5 5. d4 Ng6 6. e5 Ng8 7. Bc4 d6 8.
Qf3 Qd7 9. exd6 Bxd6 10. O-O Nf6 11. Re1+ Be7 12. Nd5 Nxd5 13. Bxd5 O-O 14.
Bxb7 Bxb7 15. Qxb7 Qxd4 16. Be3 Qc4 17. Bxa7 Qa4 18. Be3 Rfb8 19. Qxc7 Rxb2 20.
c3 Bf6 21. Bc1 Rc2 22. Be3 Rxc3 23. Qb7 Qc6 24. Rab1 Qxb7 25. Rxb7 Rc2 26. a3
Rxa3 27. g3 h6 28. Rc1 Rxc1+ 29. Bxc1 Ra1 30. Rc7 Bb2 31. Rb7 Rxc1+ 32. Kg2 Rc2
33. Rd7 Nf8 34. Rd8 Ba3 35. Rd1 Bc5 36. Rf1 Nd7 37. h4 Ne5 38. Kh3 Rxf2 39. Rc1
Nf3 40. Rd1 Bd4 41. Rc1 h5 42. g4 Be5 43. Rc8+ Kh7 44. Rh8+ Kxh8 45. gxh5 f5
46. h6 Rh2# {Hossa checkmated} 0-1

[Event "ICS rated blitz match"]
[Site "204.178.125.65"]
[Date "2000.08.31"]
[Round "?"]
[White "Hossa"]
[Black "Dorky"]
[Result "1-0"]
[WhiteElo "2474"]
[BlackElo "2425"]
[PlyCount "89"]
[EventDate "2000.??.??"]

1. e4 e5 2. Nf3 Nc6 3. Nc3 Nf6 4. Nxe5 Nxe5 5. d4 Nc6 6. d5 Ne5 7. f4 Ng6 8. e5
Ng8 9. d6 cxd6 10. exd6 Qf6 11. Nb5 Kd8 12. Be3 Qxb2 13. Bd4 Qb4+ 14. c3 Qb2
15. Rb1 Qxa2 16. g3 b6 17. Be2 Bb7 18. O-O f6 19. c4 Be4 20. Nc3 Bc2 21. Qd2
Qa5 22. Ra1 Qf5 23. Bxb6+ Ke8 24. Ra5 axb6 25. Rxf5 Bxf5 26. g4 Be6 27. f5 Ne5
28. fxe6 dxe6 29. Qd4 Ra3 30. c5 Ra5 31. cxb6 Nd7 32. b7 Kf7 33. Qb4 Re5 34.
b8=Q Nxb8 35. Qxb8 Nh6 36. Rf2 Rg5 37. d7 Ba3 38. Qxh8 Kg6 39. Qe8+ Nf7 40.
d8=Q Kh6 41. Qxf7 Be7 42. Rxf6+ gxf6 43. Qxf6+ Bxf6 44. Qxf6+ Rg6 45. g5# {
Dorky checkmated} 1-0

[Event "ICS rated blitz match"]
[Site "204.178.125.65"]
[Date "2000.08.31"]
[Round "?"]
[White "MissSilicon"]
[Black "Hossa"]
[Result "0-1"]
[WhiteElo "2701"]
[BlackElo "2488"]
[PlyCount "80"]
[EventDate "2000.??.??"]

1. e4 e5 2. Bc4 Nf6 3. d3 Nc6 4. Nf3 Bc5 5. Nc3 d6 6. Na4 Bb6 7. Nxb6 axb6 8.
O-O Na5 9. Bd5 c6 10. Bxf7+ Kxf7 11. b4 Rf8 12. bxa5 bxa5 13. Rb1 b5 14. c3 a4
15. d4 Nxe4 16. Qd3 Bf5 17. Ng5+ Kg8 18. Nxe4 d5 19. f3 exd4 20. Re1 dxe4 21.
fxe4 Be6 22. Ba3 Bxa2 23. Bxf8 Bxb1 24. Rxb1 Qxf8 25. cxd4 a3 26. Qc3 a2 27.
Ra1 Qd6 28. Rxa2 Rxa2 29. Qb3+ Kf8 30. Qxa2 Qxd4+ 31. Qf2+ Qxf2+ 32. Kxf2 c5
33. Ke3 Ke7 34. g3 b4 35. Kd3 b3 36. Kc3 c4 37. e5 Ke6 38. Kb2 Kxe5 39. Kc3 h5
40. h3 Kd5 {MissSilicon resigns} 0-1

[Event "ICS rated blitz match"]
[Site "204.178.125.65"]
[Date "2000.08.31"]
[Round "?"]
[White "Hossa"]
[Black "MissSilicon"]
[Result "0-1"]
[WhiteElo "2513"]
[BlackElo "2676"]
[PlyCount "174"]
[EventDate "2000.??.??"]

1. e4 e6 2. d4 d5 3. Nc3 Bb4 4. e5 c5 5. a3 Bxc3+ 6. bxc3 Ne7 7. Qg4 Kf8 8. Bd3
Qa5 9. Bd2 c4 10. Be2 Qa4 11. Bd1 Nbc6 12. Ne2 Qb5 13. Bc1 Bd7 14. O-O Rc8 15.
a4 Qa6 16. Ba3 Kg8 17. Nf4 Qa5 18. Rb1 b6 19. Bb2 Ng6 20. Nxg6 hxg6 21. Ra1 Ne7
22. Qg5 Nf5 23. g4 Nh4 24. Qe7 Bxa4 25. Ra2 Re8 26. Qg5 Rf8 27. Qc1 b5 28. Qe3
Ra8 29. Ba3 Qd8 30. g5 Nf5 31. Qd2 a5 32. Be2 Qb6 33. Bc5 Qc7 34. Bg4 Qc6 35.
Qf4 Rh7 36. Re1 Ra6 37. Rb1 Qc7 38. Rab2 Ra8 39. Qd2 Rh8 40. Ra1 Ne7 41. f4 Qd8
42. Qf2 Qc7 43. Bd6 Qd7 44. Qf3 Nf5 45. Bc5 Nh4 46. Qe3 Qd8 47. Qf2 Nf5 48. Re1
Qc7 49. Ra2 Qd7 50. Rb1 Ne7 51. Bxe7 Qxe7 52. Be2 Rc8 53. Bf3 Qc7 54. Qe1 Rd8
55. Bg4 Ra8 56. Bf3 Ra7 57. Rab2 Qc6 58. Ra1 Qc8 59. h4 Qd8 60. Qb1 Rc7 61. h5
gxh5 62. Qd1 h4 63. Bh5 Ra7 64. g6 f6 65. Qg4 f5 66. Qf3 Qc7 67. Kg2 Ra8 68.
Rh1 Qe7 69. Kf2 Qa3 70. Rhb1 b4 71. Kg1 Re8 72. Qd1 Qxc3 73. Bf3 Qe3+ 74. Kh1
Qa3 75. Kg2 h3+ 76. Kf2 h2 77. Qf1 Qc3 78. Qc1 Rh3 79. Bh1 Qg3+ 80. Ke2 c3 81.
Rxb4 Bxc2 82. Qd2 Bd3+ 83. Qxd3 Qxd3+ 84. Kf2 Qe3+ 85. Kf1 Rf3+ 86. Bxf3 Qxf3+
87. Ke1 h1=Q# 0-1

[Event "ICS rated standard match"]
[Site "204.178.125.65"]
[Date "2000.08.31"]
[Round "?"]
[White "Hossa"]
[Black "Dorky"]
[Result "1-0"]
[WhiteElo "2308"]
[BlackElo "2365"]
[PlyCount "129"]
[EventDate "2000.??.??"]

1. e4 c5 2. Nf3 e6 3. d4 cxd4 4. Nxd4 Nc6 5. Nc3 d6 6. Be3 Nf6 7. Bb5 Bd7 8.
O-O Be7 9. Nxc6 bxc6 10. Ba6 O-O 11. f3 Qc7 12. Qd2 d5 13. a3 Bd6 14. f4 Ng4
15. e5 Be7 16. Be2 Nxe3 17. Qxe3 c5 18. Qg3 c4 19. Rab1 f5 20. Bf3 Rab8 21. Bh5
a5 22. Rfd1 Bc5+ 23. Kh1 Rb6 24. Ne2 Rfb8 25. Qc3 a4 26. Nc1 Qb7 27. Na2 Rxb2
28. Nb4 Rxb1 29. Rxb1 Qa7 30. h3 Be3 31. g3 Qc5 32. Rf1 d4 33. Qe1 c3 34. Be2
g6 35. h4 Bc6+ 36. Nxc6 Qxc6+ 37. Kh2 Rb2 38. Bd3 Qc5 39. Qa1 Qe7 40. Kh3 Kg7
41. Re1 Kh8 42. Rb1 Qb7 43. Rf1 Qc6 44. Qd1 Qc8 45. h5 Kg8 46. hxg6 hxg6 47. g4
Ra2 48. Qe1 Rxa3 49. Qh4 Qc7 50. Kg3 Qg7 51. Rb1 Rb3 52. cxb3 axb3 53. Rxb3 Qa7
54. Qd8+ Kh7 55. Qc8 Kg7 56. Rb7+ Qxb7 57. Qxb7+ Kf8 58. gxf5 gxf5 59. Bxf5
Bxf4+ 60. Kxf4 c2 61. Bxc2 d3 62. Bb3 Kg8 63. Bxe6+ Kh8 64. Qf7 d2 65. Qg8# {
Dorky checkmated} 1-0

[Event "ICS rated blitz match"]
[Site "204.178.125.65"]
[Date "2000.08.31"]
[Round "?"]
[White "JenMan"]
[Black "Hossa"]
[Result "0-1"]
[WhiteElo "2074"]
[BlackElo "2504"]
[PlyCount "33"]
[EventDate "2000.??.??"]

1. d4 Nf6 2. Bg5 Ne4 3. Bf4 c5 4. f3 Qa5+ 5. c3 Nf6 6. Nd2 cxd4 7. Nb3 Qf5 8.
Bxb8 Rxb8 9. Qxd4 b6 10. e4 e5 11. exf5 exd4 12. Nxd4 Bc5 13. O-O-O O-O 14. Bb5
Re8 15. Nge2 a6 16. Ba4 Nd5 17. Nc2 {JenMan resigns} 0-1

[Event "ICS rated blitz match"]
[Site "204.178.125.65"]
[Date "2000.08.31"]
[Round "?"]
[White "Hossa"]
[Black "PostModernist"]
[Result "1/2-1/2"]
[WhiteElo "2506"]
[BlackElo "2693"]
[PlyCount "144"]
[EventDate "2000.??.??"]

1. d4 Nf6 2. c4 c5 3. d5 g6 4. Nc3 Bg7 5. e4 d6 6. Be2 O-O 7. Nf3 e6 8. Nd2
exd5 9. cxd5 Ne8 10. O-O f5 11. Re1 Bd4 12. Nb5 Bg7 13. Bd3 Na6 14. Bc4 Nac7
15. Nc3 Nf6 16. e5 Ng4 17. f4 dxe5 18. h3 b5 19. Nxb5 Nxb5 20. hxg4 Nd6 21.
fxe5 fxg4 22. b3 Qh4 23. Qe2 Nxc4 24. bxc4 Ba6 25. d6 g3 26. Nf3 Rxf3 27. gxf3
Bxe5 28. Be3 Bxc4 29. Qg2 Bxd6 30. Rad1 Rd8 31. Rd2 Be6 32. f4 Kh8 33. Rc1 a5
34. Qe2 Bg4 35. Qg2 h5 36. Bxc5 Bxf4 37. Rxd8+ Qxd8 38. Rf1 Qd2 39. Qa8+ Kh7
40. Qa7+ Bd7 41. Rxf4 Qh2+ 42. Kf1 g2+ 43. Ke1 Qg3+ 44. Ke2 Qxf4 45. Qxd7+ Kh6
46. Qd2 g1=N+ 47. Bxg1 Qxd2+ 48. Kxd2 Kg5 49. a4 Kf5 50. Bb6 Ke6 51. Bxa5 h4
52. Bc7 g5 53. a5 Kd7 54. Bh2 h3 55. Ke2 Kc6 56. Kf2 g4 57. Kg1 Kb7 58. Be5 Ka6
59. Bc3 h2+ 60. Kxh2 g3+ 61. Kg2 Kb5 62. Kg1 g2 63. Be1 Ka6 64. Bd2 Kb7 65. Be1
Kc8 66. a6 Kb8 67. Bf2 Kc7 68. Be3 Kc6 69. Bd4 Kc7 70. Be3 Kc6 71. Bd4 Kc7 72.
Be3 Kc6 1/2-1/2

[Event "ICS rated standard match"]
[Site "204.178.125.65"]
[Date "2000.08.31"]
[Round "?"]
[White "Hossa"]
[Black "PostModernist"]
[Result "1-0"]
[WhiteElo "2327"]
[BlackElo "2445"]
[PlyCount "209"]
[EventDate "2000.??.??"]

1. d4 Nf6 2. Nf3 g6 3. c4 Bg7 4. g3 c6 5. Bg2 O-O 6. O-O d5 7. cxd5 cxd5 8. Nc3
Nc6 9. Bf4 e6 10. Rc1 Bd7 11. Bd6 Re8 12. Qd2 Bc8 13. Ba3 Ne4 14. Qd3 Nxc3 15.
Rxc3 a5 16. Qd2 g5 17. h3 f5 18. Rfc1 g4 19. hxg4 fxg4 20. Nh2 Nxd4 21. Nxg4 b6
22. Rd3 Nb5 23. Nh6+ Bxh6 24. Qxh6 Ra7 25. e4 Nxa3 26. Rxa3 d4 27. e5 Bb7 28.
Bf1 Ba8 29. Bc4 Qd7 30. Rb3 Qc6 31. f3 a4 32. Bb5 Qxc1+ 33. Qxc1 axb3 34. Bxe8
bxa2 35. Qa1 Bxf3 36. Kf2 Bd5 37. b4 Ra3 38. Bh5 Rb3 39. Qc1 Re3 40. g4 Rf3+
41. Ke2 h6 42. Kd2 b5 43. g5 Rf2+ 44. Ke1 Rf5 45. Kd2 Bc4 46. Qa3 hxg5 47. Be2
d3 48. Bd1 Rf1 49. Qa8+ Kg7 50. Qa7+ Kg6 51. Qa8 Bd5 52. Qg8+ Kf5 53. Qh7+ Kxe5
54. Qh8+ Rf6 55. Qh2+ Rf4 56. Qh8+ Kd6 57. Qd8+ Kc6 58. Qc8+ Kb6 59. Qd8+ Kb7
60. Qd7+ Ka6 61. Qc8+ Ka7 62. Qc7+ Ka6 63. Qa5+ Kb7 64. Qxb5+ Kc7 65. Qa5+ Kc8
66. Kc3 Rh4 67. Qa6+ Kc7 68. Qa7+ Kd6 69. Qa5 e5 70. Kb2 Ke6 71. Qb5 Rf4 72.
Ka1 Bc4 73. Qe8+ Kf5 74. Qc8+ Be6 75. Qf8+ Ke4 76. Qe7 Kf5 77. b5 Rh4 78. Qd8
e4 79. Qf8+ Kg6 80. Qb4 e3 81. Qd6 Kf7 82. Qxd3 e2 83. Qxe2 Rb4 84. Qh5+ Ke7
85. Qxg5+ Kd6 86. Qd8+ Kc5 87. Qe7+ Kxb5 88. Be2+ Bc4 89. Bxc4+ Kxc4 90. Kxa2
Rb5 91. Qe4+ Kc5 92. Ka3 Rb6 93. Qe5+ Kc6 94. Qd4 Kb7 95. Qd7+ Kb8 96. Ka4 Rb7
97. Qd8+ Ka7 98. Ka5 Rh7 99. Qb6+ Ka8 100. Ka6 Rc7 101. Qd4 Rc6+ 102. Kb5 Rh6
103. Qe4+ Kb8 104. Qf4+ Kc8 105. Qxh6 1-0

[Event "ICS rated blitz match"]
[Site "204.178.125.65"]
[Date "2000.08.31"]
[Round "?"]
[White "PostModernist"]
[Black "Hossa"]
[Result "1-0"]
[WhiteElo "2675"]
[BlackElo "2514"]
[PlyCount "53"]
[EventDate "2000.??.??"]

1. e4 d6 2. d4 g6 3. Nc3 Bg7 4. Nf3 Nf6 5. Be2 O-O 6. h3 c6 7. O-O d5 8. Bd3
dxe4 9. Nxe4 Nxe4 10. Bxe4 Qc7 11. Be3 c5 12. c3 cxd4 13. Nxd4 Rd8 14. Qf3 a6
15. Rad1 Nd7 16. Rfe1 Nf6 17. Bc2 Nd7 18. Bb3 e6 19. Qxf7+ Kxf7 20. Nxe6 Qb8
21. Ng5+ Ke7 22. Bc5+ Kf6 23. Nxh7+ Kf5 24. Bc2+ Kf4 25. Rd4+ Bxd4 26. g3+ Kf3
27. Ng5# {Hossa checkmated} 1-0

[Event "ICS rated blitz match"]
[Site "204.178.125.65"]
[Date "2000.08.31"]
[Round "?"]
[White "Hossa"]
[Black "PostModernist"]
[Result "0-1"]
[WhiteElo "2505"]
[BlackElo "2684"]
[PlyCount "94"]
[EventDate "2000.??.??"]

1. Nf3 Nf6 2. c4 e6 3. Nc3 Bb4 4. Qc2 c5 5. a3 Ba5 6. e3 O-O 7. d4 d6 8. Bd3
Nc6 9. O-O Qe7 10. Bd2 Bd7 11. b3 Rfd8 12. Rfd1 Bc7 13. Nb5 Bb8 14. dxc5 dxc5
15. Bc3 g6 16. Bb2 a6 17. Nc3 Bc7 18. Ne4 e5 19. Neg5 a5 20. Rab1 Ng4 21. h3
Nf6 22. Rd2 Rab8 23. Rbd1 Ne8 24. Be2 f5 25. Qd3 Bc8 26. Qc2 h6 27. Rxd8 Nxd8
28. Nxe5 Bxe5 29. Bxe5 Qxe5 30. Nf3 Qe7 31. h4 Nc6 32. h5 gxh5 33. Bd3 Nd6 34.
g3 Be6 35. Nh4 Qf7 36. Bf1 Ne4 37. Bg2 Rf8 38. Rb1 a4 39. b4 cxb4 40. axb4 a3
41. b5 Ne5 42. c5 a2 43. Rf1 Ng4 44. c6 bxc6 45. Qxc6 Qf6 46. Qa6 Ngxf2 47.
Bxe4 fxe4 {Hossa resigns} 0-1

[Event "ICS Rated blitz match"]
[Site "204.178.125.65"]
[Date "2000.08.31"]
[Round "?"]
[White "PostModernist"]
[Black "Hossa"]
[Result "0-1"]
[WhiteElo "2692"]
[BlackElo "2497"]
[PlyCount "188"]
[EventDate "2000.??.??"]

1. e4 Nc6 2. Nc3 e5 3. f4 exf4 4. Nf3 g5 5. d4 g4 6. Bc4 gxf3 7. O-O Nxd4 8.
Qxd4 Qg5 9. Bxf7+ Kxf7 10. Qc4+ Ke8 11. Rxf3 Qc5+ 12. Qxc5 Bxc5+ 13. Kh1 d6 14.
Nd5 Kd7 15. b4 Bd4 16. c3 c6 17. cxd4 cxd5 18. e5 dxe5 19. dxe5 Ne7 20. Bxf4
Ke8 21. Rc1 Nc6 22. b5 Nd4 23. Rf2 Nxb5 24. Rc5 a6 25. Rxd5 Be6 26. Rd3 Bc4 27.
Rg3 Rd8 28. h3 Rd7 29. Bh6 Nd4 30. Rc3 b5 31. Kh2 Nc6 32. Rg3 Rd1 33. Rf6 Bd5
34. Rd6 a5 35. e6 Ke7 36. Bf4 Rd4 37. Rg7+ Kf6 38. Rf7+ Kg6 39. Rfd7 Rxf4 40.
Rxd5 Kf6 41. R7d6 Ne7 42. Rxb5 Rf2 43. Rxa5 Rg8 44. Kh1 Rfxg2 45. Rd1 Kxe6 46.
Re1+ Kd6 47. Rd1+ Kc6 48. Rc1+ Kb6 49. Re5 R2g7 50. a4 Rg3 51. Kh2 Rg2+ 52. Kh1
R2g7 53. Rb5+ Ka6 54. Rcb1 Rg3 55. Kh2 Rg2+ 56. Kh1 R2g6 57. Rh5 R8g7 58. Rhb5
Nc6 59. Rb6+ Ka7 60. R6b3 Nd4 61. Rd3 Rg3 62. Rxg3 Rxg3 63. Kh2 Rg7 64. h4 Ka6
65. Rb4 Rg4 66. Kh3 h5 67. Rc4 Kb6 68. Rb4+ Kc6 69. Rc4+ Kd5 70. Rb4 Rg1 71.
Rb8 Nf5 72. a5 Rh1+ 73. Kg2 Rxh4 74. a6 Ra4 75. Ra8 Ke4 76. Kg1 Ra1+ 77. Kf2
Ra2+ 78. Kg1 Kf3 79. Rf8 Kf4 80. Ra8 Ne7 81. Re8 Nd5 82. Rf8+ Kg3 83. Rg8+ Kf3
84. Ra8 Nf4 85. Kh1 Ra1+ 86. Kh2 h4 87. Ra7 Ra2+ 88. Kh1 Nh5 89. Kg1 h3 90.
Rf7+ Kg3 91. Rf1 h2+ 92. Kh1 Kh3 93. Rf3+ Ng3+ 94. Rxg3+ Kxg3 0-1